<?xml version="1.0" encoding="UTF-8"?>
<record
    xmlns:xsi="http://www.w3.org/2001/XMLSchema-instance"
    xsi:schemaLocation="http://www.loc.gov/MARC21/slim http://www.loc.gov/standards/marcxml/schema/MARC21slim.xsd"
    xmlns="http://www.loc.gov/MARC21/slim">

  <leader>01823nam a22002777a 4500</leader>
  <controlfield tag="003">SISC</controlfield>
  <controlfield tag="005">20170921124205.0</controlfield>
  <controlfield tag="008">170921b        xxu||||| |||| 00| 0 eng d</controlfield>
  <datafield tag="020" ind1=" " ind2=" ">
    <subfield code="a">9781107666948</subfield>
  </datafield>
  <datafield tag="050" ind1=" " ind2=" ">
    <subfield code="a">QA 76.9</subfield>
    <subfield code="b">.M384 2013</subfield>
  </datafield>
  <datafield tag="245" ind1=" " ind2=" ">
    <subfield code="a">Mathematics higher level topic 10 - options :</subfield>
    <subfield code="b">discrete mathematics for the IB diploma /</subfield>
    <subfield code="c">Paul Fannon [and 3 others]</subfield>
  </datafield>
  <datafield tag="260" ind1=" " ind2=" ">
    <subfield code="a">Cambridge :</subfield>
    <subfield code="b">Cambridge University Press, </subfield>
    <subfield code="c">c2013.</subfield>
  </datafield>
  <datafield tag="300" ind1=" " ind2=" ">
    <subfield code="a">viii, 179 pages :</subfield>
    <subfield code="b">illustrations (some color) ;</subfield>
    <subfield code="c">30 cm.</subfield>
  </datafield>
  <datafield tag="440" ind1=" " ind2=" ">
    <subfield code="a">Mathematics higher level for the IB diploma</subfield>
  </datafield>
  <datafield tag="504" ind1=" " ind2=" ">
    <subfield code="a">Includes index. </subfield>
  </datafield>
  <datafield tag="520" ind1=" " ind2=" ">
    <subfield code="a">For students studying either the mathematics higher level course or further mathematics, this book covers all the material in the Discrete Mathematics option (option number 10) in print. This highly illustrated book is based on the new group 5 aims forms part of the completely new Mathematics for the IB Diploma series, Cambridge's comprehensive coverage of IB diploma mathematics for then 2012 SL and HL courses. Features include: a sections of mixed examination questions; plenty of worked examples; questions colour-coded according to grade; exam-style questions; feature boxes of hints and tips. Written to specifically cover the new IB Higher Level option in Discrete Mathematics, it is a fantastic guide to the material in this option, no matter which book is being used to cover the core material. (Source: WorldCat)</subfield>
  </datafield>
  <datafield tag="650" ind1=" " ind2=" ">
    <subfield code="2">Library of Congress Subject Headings</subfield>
    <subfield code="a">Mathematics</subfield>
  </datafield>
  <datafield tag="650" ind1=" " ind2=" ">
    <subfield code="2">Library of Congress Subject Headings </subfield>
    <subfield code="a">Computer science </subfield>
    <subfield code="x">Mathematics</subfield>
  </datafield>
  <datafield tag="650" ind1=" " ind2=" ">
    <subfield code="2">Library of Congress Subject Headings</subfield>
    <subfield code="a">Discrete mathematics </subfield>
  </datafield>
  <datafield tag="700" ind1=" " ind2=" ">
    <subfield code="a">Fannon, Paul</subfield>
  </datafield>
  <datafield tag="700" ind1=" " ind2=" ">
    <subfield code="a">Kadelburg, Vesna</subfield>
  </datafield>
  <datafield tag="700" ind1=" " ind2=" ">
    <subfield code="a">Woolley, Ben</subfield>
  </datafield>
  <datafield tag="700" ind1=" " ind2=" ">
    <subfield code="a">Ward, Stephen</subfield>
  </datafield>
  <datafield tag="942" ind1=" " ind2=" ">
    <subfield code="2">lcc</subfield>
    <subfield code="c">BK</subfield>
  </datafield>
  <datafield tag="999" ind1=" " ind2=" ">
    <subfield code="c">344405</subfield>
    <subfield code="d">344405</subfield>
  </datafield>
  <datafield tag="952" ind1=" " ind2=" ">
    <subfield code="0">0</subfield>
    <subfield code="1">0</subfield>
    <subfield code="2">lcc</subfield>
    <subfield code="4">0</subfield>
    <subfield code="a">LUX</subfield>
    <subfield code="b">LUX</subfield>
    <subfield code="c">IB</subfield>
    <subfield code="d">2017-09-21</subfield>
    <subfield code="e">Library Fund</subfield>
    <subfield code="k">IB</subfield>
    <subfield code="l">0</subfield>
    <subfield code="o">QA 76.9 .M384 2013</subfield>
    <subfield code="p">IB0255</subfield>
    <subfield code="r">2017-09-21 00:00:00</subfield>
    <subfield code="w">2017-09-21</subfield>
    <subfield code="y">BK</subfield>
  </datafield>
</record>
